Trái đất hành tinh của chúng ta : Sông ngòi - Hồ nước
Định nghĩa về sông ngòi - hồ nước, hệ thống sông ngòi - hồ nước, giới thiệu một số động thực vật, con người và lối sống sông nước...cùng một số sông ngòi - hồ nước điển hình trên trái đất...
Zapisane w:
| Format: | Książka |
|---|---|
| Język: | Undetermined |
| Wydane: |
Thành phố Hồ Chí Minh
Trẻ
2004
|
| Hasła przedmiotowe: | |
| Etykiety: |
Dodaj etykietę
Nie ma etykietki, Dołącz pierwszą etykiete!
|
| Thư viện lưu trữ: | Trung tâm Học liệu Trường Đại học Cần Thơ |
|---|
| LEADER | 00897nam a2200193Ia 4500 | ||
|---|---|---|---|
| 001 | CTU_95540 | ||
| 008 | 210402s9999 xx 000 0 und d | ||
| 082 | |a 550 | ||
| 082 | |b Tr103 | ||
| 245 | 0 | |a Trái đất hành tinh của chúng ta : | |
| 245 | 0 | |b Sông ngòi - Hồ nước | |
| 245 | 0 | |c Trịnh Huy Triều biên dịch | |
| 260 | |a Thành phố Hồ Chí Minh | ||
| 260 | |b Trẻ | ||
| 260 | |c 2004 | ||
| 520 | |a Định nghĩa về sông ngòi - hồ nước, hệ thống sông ngòi - hồ nước, giới thiệu một số động thực vật, con người và lối sống sông nước...cùng một số sông ngòi - hồ nước điển hình trên trái đất | ||
| 650 | |a Earth sciences,Geology | ||
| 904 | |i Tuyến,Hải | ||
| 980 | |a Trung tâm Học liệu Trường Đại học Cần Thơ | ||